Statistiken für Zufällige Hauptstadt zu Land

Klicken Sie hier um das Quiz zu spielen!

Allgemein

  • Dieses Quiz wurde 93.905 mal gespielt
  • Das Durchschnittsergebnis liegt bei 12 aus 20

Antwortstatistiken

HauptstadtLand% Korrekt
ParisFrankreich
97%
BerlinDeutschland
96%
MoskauRussland
96%
AthenGriechenland
95%
RomItalien
95%
TokioJapan
95%
LuxemburgLuxemburg
95%
Mexiko-StadtMexiko
95%
AmsterdamNiederlande
95%
OsloNorwegen
95%
WienÖsterreich
95%
WarschauPolen
95%
LissabonPortugal
95%
BernSchweiz
95%
MadridSpanien
95%
PragTschechien
95%
Washington D.C.Vereinigte Staaten
95%
BrüsselBelgien
94%
BrasíliaBrasilien
94%
KopenhagenDänemark
94%
HelsinkiFinnland
94%
StockholmSchweden
94%
LondonVereinigtes Königreich
94%
PekingChina
93%
DublinIrland
93%
JerusalemIsrael
93%
MonacoMonaco
93%
KiewUkraine
93%
VatikanstadtVatikanstadt
93%
KairoÄgypten
92%
Panama-StadtPanama
92%
AnkaraTürkei
91%
Guatemala-StadtGuatemala
90%
SeoulSüdkorea
90%
Neu-DelhiIndien
89%
ReykjavíkIsland
89%
San MarinoSan Marino
89%
BudapestUngarn
89%
Buenos AiresArgentinien
88%
MinskBelarus
87%
OttawaKanada
87%
Kuwait-StadtKuwait
87%
BangkokThailand
87%
CanberraAustralien
86%
ZagrebKroatien
86%
Andorra la VellaAndorra
85%
SofiaBulgarien
85%
SingapurSingapur
85%
AlgierAlgerien
83%
RigaLettland
83%
BukarestRumänien
82%
TunisTunesien
81%
TallinnEstland
79%
HavannaKuba
79%
BratislavaSlowakei
78%
SarajevoBosnien und Herzegowina
75%
VaduzLiechtenstein
75%
PjöngjangNordkorea
75%
BelgradSerbien
75%
LjubljanaSlowenien
75%
Abu DhabiVereinigte Arabische Emirate
75%
VilniusLitauen
74%
TiranaAlbanien
72%
BagdadIrak
72%
WellingtonNeuseeland
72%
LimaPeru
72%
San SalvadorEl Salvador
71%
HanoiVietnam
71%
SantiagoChile
70%
TeheranIran
70%
KabulAfghanistan
68%
DschibutiDschibuti
68%
BogotáKolumbien
68%
DamaskusSyrien
68%
JakartaIndonesien
67%
VallettaMalta
66%
NikosiaZypern
65%
DohaKatar
64%
NairobiKenia
64%
SkopjeNordmazedonien
64%
RiadSaudi-Arabien
63%
TaipehTaiwan
63%
PrištinaKosovo
62%
Kuala LumpurMalaysia
62%
ChișinăuMoldawien
62%
MontevideoUruguay
62%
BakuAserbaidschan
61%
RabatMarokko
61%
BeirutLibanon
60%
São ToméSão Tomé und Príncipe
60%
KingstonJamaika
58%
CaracasVenezuela
57%
IslamabadPakistan
55%
ManilaPhilippinen
55%
Sri Jayawardenepura KotteSri Lanka
54%
BissauGuinea-Bissau
53%
PodgoricaMontenegro
53%
UlaanbaatarMongolei
52%
La Paz / SucreBolivien
51%
QuitoEcuador
51%
TiflisGeorgien
51%
KathmanduNepal
51%
WindhoekNamibia
50%
Addis AbebaÄthiopien
48%
Santo DomingoDominikanische Republik
47%
NassauBahamas
46%
Port-au-PrinceHaiti
46%
MaléMalediven
46%
Phnom PenhKambodscha
45%
TripolisLibyen
45%
AsunciónParaguay
45%
AntananarivoMadagaskar
43%
TaschkentUsbekistan
42%
AccraGhana
41%
DakarSenegal
41%
JerewanArmenien
40%
DhakaBangladesch
40%
San JoséCosta Rica
40%
AmmanJordanien
40%
KinshasaDemokratische Republik Kongo
38%
SanaaJemen
38%
BischkekKirgisistan
38%
OuagadougouBurkina Faso
37%
MaskatOman
37%
MogadischuSomalia
37%
Nur-SultanKasachstan
35%
BrazzavilleRepublik Kongo
35%
TegucigalpaHonduras
32%
AbujaNigeria
32%
AşgabatTurkmenistan
32%
LuandaAngola
31%
VientianeLaos
31%
KhartumSudan
31%
ParamariboSuriname
30%
ThimphuBhutan
29%
Bandar Seri BegawanBrunei
29%
YamoussoukroElfenbeinküste
29%
ManaguaNicaragua
29%
NiameyNiger
29%
JaundeKamerun
28%
NaypyidawMyanmar
28%
FreetownSierra Leone
28%
DuschanbeTadschikistan
28%
Port-of-SpainTrinidad und Tobago
28%
N'DjamenaTschad
28%
KampalaUganda
28%
DiliOsttimor
27%
Port MoresbyPapua-Neuguinea
27%
HarareSimbabwe
27%
LoméTogo
27%
GeorgetownGuyana
26%
KigaliRuanda
26%
VictoriaSeychellen
26%
SuvaFidschi
25%
ManamaBahrain
24%
BelmopanBelize
24%
AsmaraEritrea
24%
LilongweMalawi
24%
BamakoMali
24%
Port LouisMauritius
24%
MaputoMosambik
24%
JubaSüdsudan
24%
BridgetownBarbados
23%
LibrevilleGabun
23%
MonroviaLiberia
23%
NouakchottMauretanien
23%
DodomaTansania
23%
GaboroneBotswana
22%
MbabaneEswatini
22%
BanjulGambia
22%
ConakryGuinea
22%
PraiaKap Verde
22%
LusakaSambia
22%
Porto-Novo / CotonouBenin
21%
RoseauDominica
21%
NukuʻalofaTonga
21%
FunafutiTuvalu
21%
Saint John'sAntigua und Barbuda
20%
NgerulmudPalau
20%
GitegaBurundi
19%
Saint George'sGrenada
19%
ApiaSamoa
19%
KingstownSt. Vincent und die Grenadinen
19%
BanguiZentralafrikanische Republik
19%
MalaboÄquatorial-Guinea
18%
MoroniKomoren
18%
MaseruLesotho
18%
YarenNauru
18%
CastriesSt. Lucia
18%
Port VilaVanuatu
18%
PalikirFöderierte Staaten
von Mikronesien
17%
South TarawaKiribati
17%
HoniaraSalomonen
17%
BasseterreSt. Kitts und Nevis
17%
MajuroMarshallinseln
15%

Verteilung der Resultate

Perzentil nach korrekt beantworteten Fragen

Anzahl Personen mit jedem Resultat

Ihre Resultats-Entwicklung

Sie haben dieses Quiz noch nicht gespielt